Normal view
MARC view
Entry Topical Term
001 - CONTROL NUMBER
- control field: 11091
003 - CONTROL NUMBER IDENTIFIER
- control field: HDC
005 - DATE AND TIME OF LATEST TRANSACTION
- control field: 20230624073340.0
008 - FIXED-LENGTH DATA ELEMENTS
- fixed length control field: 210206|| aca||aabn | a|a d
040 ## - CATALOGING SOURCE
- Original cataloging agency: HDC
- Transcribing agency: HDC
150 ## - HEADING--TOPICAL TERM
- Topical term or geographic name entry element: Minnesota Muslims
670 ## - SOURCE DATA FOUND
- Source citation: Work cat.: (HDC): DeWitt, Jason 11090, Minnesota Muslims Demand Pork-Free Halal Food From Welfare Food Bank (Video) / by, [no year]
